| 000 | 00820nam a22002537a 4500 | ||
|---|---|---|---|
| 005 | 20170123162344.0 | ||
| 010 | _a364893 | ||
| 020 | _c2.50 | ||
| 035 | _a364893 | ||
| 037 | _bCen Lib/Ret | ||
| 040 |
_aDPL _bUR |
||
| 082 |
_a954.0841 _bن ز ی |
||
| 100 |
_aنذیر احمد _9129748 |
||
| 245 |
_aروزنامچہ مصاحب غدر / _cنذیر احمد |
||
| 246 |
_aRoznamcha masahib ghadr / _bby Nazir Ahmad |
||
| 260 |
_aدہلی _bکتب خانہ نظریہ |
||
| 270 |
_bدہلی _e110006 _aاردو بازار جامہ مسجد |
||
| 300 |
_a206p. _c17cm(Hb) |
||
| 650 |
_a تاریخ - بھارت _9400 |
||
| 650 |
_aہندوستانی تاریخ _9410 |
||
| 650 |
_aHistory -- India _9129749 |
||
| 650 |
_aIndian history _9129750 |
||
| 942 |
_2ddc _cUR _h954.0841 _mن ز ی |
||
| 999 |
_c108728 _d108728 |
||